Prehľad peňažných tokov a jeho zostavenie pomocou prostriedkov výpočtovej techniky diplomová práca

Gespeichert in:
Bibliographische Detailangaben
1. Verfasser: Caňo, Tomáš
Körperschaft: Fakulta hospodárskej informatiky EU. Katedra účtovníctva a audítorstva
Weitere Verfasser: Sklenka, Miloš
Format: Buch
Sprache:Slowakisch
Veröffentlicht: Bratislava 2010
Tags: Tag hinzufügen
Keine Tags, Fügen Sie das erste Tag hinzu!

MARC

LEADER 00000nam$a2200000$$$4500
001 0118697
005 20240318123210.4
041 0 |a slo 
044 |a SK 
245 1 0 |a Prehľad peňažných tokov a jeho zostavenie pomocou prostriedkov výpočtovej techniky  |b diplomová práca  |c Tomáš Caňo ; škol. Miloš Sklenka 
264 1 |a Bratislava  |c 2010 
300 |a 57 s. 
100 1 |a Caňo, Tomáš 
700 1 |a Sklenka, Miloš 
710 2 |a Fakulta hospodárskej informatiky EU. Katedra účtovníctva a audítorstva